| 000 | 00636nam a2200205Ia 4500 | ||
|---|---|---|---|
| 003 | IN-BaIIA | ||
| 008 | 211028s9999 xx 000 0 eng d | ||
| 020 | _a81-7371-192-5 | ||
| 040 | _cIIA Library | ||
| 080 |
_a5(091) _bSPA |
||
| 100 |
_aSpangenburg, R _923261 |
||
| 245 | 4 |
_aThe history of science from 1895 to 1945. _cR. Spangenburg and D.K. Moser |
|
| 260 |
_aHyderabad _bUniversity Press _c1999 |
||
| 300 | _axi, 164p. | ||
| 490 | _aOn the shoulders of gaints | ||
| 650 |
_ahistory-science _92468 |
||
| 650 |
_ascience-history _92970 |
||
| 700 |
_aMoser, D.K. _923262 |
||
| 942 | _cBK | ||
| 999 |
_c13216 _d13216 |
||